000 00266nam a22001097a 4500
082 _a621.46 SIS'I
100 _aSISKIND, C. S
_959131
245 _aINDUCTION MOTORS SINGLE PHASE AND POLYPHASE
260 _aNEWYORK
_bMCGRAW HILL
_c1958
300 _a390P
942 _cBK
999 _c569180
_d569180